000 00781nam a2200265Ia 4500
005 20260302115215.0
008 008 260114s9999 xx 000 0 eng d
020 _a9781666985177
037 _aTextbook
040 _aCRL
040 _beng
040 _cCRL
041 _2eng
041 _aeng
084 _qCRL
100 _aReiland Rabaka
_9997910
245 0 _aAfricana Critical Theory Reconstructing The Black Radical Tradition, From W. E. B. Du Bois and C. L. R. James to Frantz Fanon and Amilcar Cabral
260 _bBloomsbury
260 _bLexington Books
260 _c2009
650 _aLiterary Studies
856 _uhttps://doi.org/10.5040/9781666985177?locatt=label:secondary_bloomsburyCollections
942 _cEBOOK
999 _c1685350
_d1685350